<?xml version="1.0" encoding="UTF-8"?><?xml-stylesheet type="text/xsl" href="static/style.xsl"?><OAI-PMH xmlns="http://www.openarchives.org/OAI/2.0/" xmlns:xsi="http://www.w3.org/2001/XMLSchema-instance" xsi:schemaLocation="http://www.openarchives.org/OAI/2.0/ http://www.openarchives.org/OAI/2.0/OAI-PMH.xsd"><responseDate>2026-04-18T07:46:40Z</responseDate><request verb="GetRecord" identifier="oai:www.recercat.cat:2445/224240" metadataPrefix="marc">https://recercat.cat/oai/request</request><GetRecord><record><header><identifier>oai:recercat.cat:2445/224240</identifier><datestamp>2025-12-05T00:29:03Z</datestamp><setSpec>com_2072_1057</setSpec><setSpec>col_2072_478917</setSpec><setSpec>col_2072_478921</setSpec></header><metadata><record xmlns="http://www.loc.gov/MARC21/slim" xmlns:dcterms="http://purl.org/dc/terms/" xmlns:xsi="http://www.w3.org/2001/XMLSchema-instance" xmlns:doc="http://www.lyncode.com/xoai" xsi:schemaLocation="http://www.loc.gov/MARC21/slim http://www.loc.gov/standards/marcxml/schema/MARC21slim.xsd">
   <leader>00925njm 22002777a 4500</leader>
   <datafield ind2=" " ind1=" " tag="042">
      <subfield code="a">dc</subfield>
   </datafield>
   <datafield ind2=" " ind1=" " tag="720">
      <subfield code="a">Uyttersprot, Audrey</subfield>
      <subfield code="e">author</subfield>
   </datafield>
   <datafield ind2=" " ind1=" " tag="720">
      <subfield code="a">Bellaert, Nellia</subfield>
      <subfield code="e">author</subfield>
   </datafield>
   <datafield ind2=" " ind1=" " tag="720">
      <subfield code="a">Vieta i Pascual, Eduard, 1963-</subfield>
      <subfield code="e">author</subfield>
   </datafield>
   <datafield ind2=" " ind1=" " tag="720">
      <subfield code="a">Invernizzi, Sandra</subfield>
      <subfield code="e">author</subfield>
   </datafield>
   <datafield ind2=" " ind1=" " tag="720">
      <subfield code="a">Ris, Laurence</subfield>
      <subfield code="e">author</subfield>
   </datafield>
   <datafield ind2=" " ind1=" " tag="720">
      <subfield code="a">Lefebvre, Laurent</subfield>
      <subfield code="e">author</subfield>
   </datafield>
   <datafield ind2=" " ind1=" " tag="260">
      <subfield code="c">2025-11-10T14:56:01Z</subfield>
   </datafield>
   <datafield ind2=" " ind1=" " tag="260">
      <subfield code="c">2025-11-10T14:56:01Z</subfield>
   </datafield>
   <datafield ind2=" " ind1=" " tag="260">
      <subfield code="c">2025-10-01</subfield>
   </datafield>
   <datafield ind2=" " ind1=" " tag="260">
      <subfield code="c">2025-11-10T14:56:01Z</subfield>
   </datafield>
   <datafield ind2=" " ind1=" " tag="520">
      <subfield code="a">Background and objectives: The Functioning Assessment Short Test (FAST) is widely used to assess psychosocial functioning across psychiatric conditions. Despite extensive international validation, a validated French version of the self-administered FAST is currently lacking. This study aimed to evaluate the psychometric properties of the self-administered French FAST in a general adult population.
Methods: A total of 508 French-speaking adults aged 18–65 completed the FAST alongside standardized measures of depression and anxiety. Exploratory and confirmatory factor analyses and bifactor modeling evaluated the original six-factor structure. Reliability was assessed using Cronbach’s alpha and McDonald’s omega. Convergent validity was evaluated through multitrait-multimethod (MTMM) analysis and correlations with depression and anxiety. Generalized additive models (GAMs) examined non-linear associations between symptom severity and FAST scores, controlling for demographic covariates.
Results: The original six-factor structure was confirmed, and the bifactor model further supported interpretation of both total and subscale scores. Reliability was strong for the total FAST score (α = .86; ω = .90), whereas subscale reliability (α = .58–.80), with lower values for autonomy, cognitive, and leisure. MTMM analysis demonstrated moderate-to-high monotrait correlations (.51–.84), and moderate correlations with depressive (r =.46) and anxiety (r = .35) symptoms, supporting convergent validity. GAM analyses revealed a non-linear
relationship between depressive symptoms and psychosocial impairment (edf = 2.91, F = 19.87, p &lt; .001), alongside significant effects of anxiety (p = .024) and employment status (p = .003).
Conclusions: The French self-administered FAST demonstrates robust psychometric properties and appears suitable for assessing psychosocial functioning in general adult populations, though caution is advised when interpreting autonomy, cognitive, and leisure subscales in non-clinical samples until further clinical validation is available.</subfield>
   </datafield>
   <datafield tag="653" ind2=" " ind1=" ">
      <subfield code="a">Depressió psíquica</subfield>
   </datafield>
   <datafield tag="653" ind2=" " ind1=" ">
      <subfield code="a">Psicometria</subfield>
   </datafield>
   <datafield tag="653" ind2=" " ind1=" ">
      <subfield code="a">Francès</subfield>
   </datafield>
   <datafield tag="653" ind2=" " ind1=" ">
      <subfield code="a">Mental depression</subfield>
   </datafield>
   <datafield tag="653" ind2=" " ind1=" ">
      <subfield code="a">Psychometrics</subfield>
   </datafield>
   <datafield tag="653" ind2=" " ind1=" ">
      <subfield code="a">French language</subfield>
   </datafield>
   <datafield ind2="0" ind1="0" tag="245">
      <subfield code="a">Psychometric validation of the self-administered French version of the Functioning Assessment Short Test (FAST): Factor structure, reliability, validity, and sociodemographic predictors</subfield>
   </datafield>
</record></metadata></record></GetRecord></OAI-PMH>